000 00506nam a2200229Ia 4500
003 0100
008 130303s9999 xx 000 0 und d
020 _a664252575
040 _cARRUPELIB
050 _aBS2575.3.L661997
100 _aLong, Thomas G
245 _aMatthew
250 _a1st
260 _aLousville
260 _bWestminster
260 _C1997
300 _axii
300 _b 331 p. 23 cm
440 _aWestminster Bible Companion
700 _aThomas G. Long
942 0 0 _09
999 _c12573
_d12573